CEMİLE (Record no. 796499)

MARC details
000 -LEADER
sabit uzunluktaki kontrol alanı 00229nam a2200097Ia 4500
001 - KONTROL NUMARASI
kontrol alanı 796499
005 - EN SON İŞLEMİN TARİH VE ZAMANI
kontrol alanı 20250826170749.0
008 - SABİT-UZUNLUKTA VERİ ÖĞELERİ--GENEL BİLGİ
sabit uzunluktaki kontrol alanı 250824s9999 xx 000 0 und d
245 #0 - ESER / YAZAR
ESER ADI CEMİLE
Yazar Adı ORHAN KEMAL
260 ## - YAYIN, DAĞITIM, VB.
YAYIN EVİ EVEREST YAYINLARI
Holdings
Düşüm durumu Kayıp durumu Hasar Durumu Ödünç verilmez Ana kütüphane Geçerli Kütüphane Edinilen tarih Toplam ödünç verme sayısı Barkod Son görüntüleme tarihi Fiyatın geçerli olmaya başladığı tarih Koha materyal türü
        SELÇUKLU İMAM HATİP ORTAOKULU SELÇUKLU İMAM HATİP ORTAOKULU 24.08.2025   10124006 26.08.2025 26.08.2025 Books